000 00951nam a2200205Ia 4500
999 _c38180
_d38180
001 4170
003 GE_BSU
005 20190927121718.0
008 181216s1982||||ge |||||||||||||| ||geo||
040 _cGE_BSU
041 _ageo
080 _a398(479.223) ხ–20
245 _aსამხრეთ-დასავლეთ საქართველოს ზეპირსიტყვიერება :
_b N6 /
_hრედ.: მ. ჩიქოვანი.
264 _aთბილისი :
_bმეცნიერება,
_c1982.
300 _a105 გვ. ;
_b21 სმ.
653 _aზეპირსიტყვიერება
700 _aჩიქოვანი, მ.
_eრედაქტორი
_94356
710 _aბათუმის ნ. ბერძენიშვილის სახელობის სამეცნიერო-კვლევითი ინსტიტუტი
_94264
942 _cBK
_2udc